01674nam a2200409 a 4500001001200000003000800012006001900020007001500039008004100054010001700095015001500112020002200127040002100149035002100170043001200191050002800203082001200231100003400243245009800277260005800375300001800433490005300451504004100504505007300545533015200618650002100770650002600791651005600817655002900873700002000902700006100922700006700983710001701050830005401067856012601121999001701247ebr10224839CaPaEBRm u cr cn|||||||||010808s2003 enk sb 000 1 eng d z 2004445789 aGBA1-V0966 z1902459318 (pbk.) aCaPaEBRcCaPaEBR a(OCoLC)614500915 afs-----14aPR9369.2.S37bA6 2003eb04a8232211 aSchreiner, Olive,d1855-1920.10aDreamsh[electronic resource] :bthree works /cby Olive Schreiner ; edited by Elisabeth Jay. aBirmingham :bUniversity of Birmingham Press,cc2003. axxvii, 144 p.1 aLate Victorian and early Modernist women writers aIncludes bibliographical references.0 aDreams -- Dream life and real life -- Stories, dreams and allegories aElectronic reproduction.bPalo Alto, Calif. :cebrary,d2013.nAvailable via World Wide Web.nAccess may be limited to ebrary affiliated libraries. 0aDreamsvFiction. 0aYoung womenvFiction. 0aAfrica, SouthernxSocial life and customsvFiction. 7aElectronic books.2local1 aJay, Elisabeth.12aSchreiner, Olive,d1855-1920.tDream life and real life.12aSchreiner, Olive,d1855-1920.tStories, dreams and allegories.2 aebrary, Inc. 0aLate Victorian and early Modernist women writers.40uhttp://site.ebrary.com/lib/rucke/Doc?id=10224839zAn electronic book accessible through the World Wide Web; click to view c40615d40615